000 01624cam a2200265 4500
001 ##L132050
008 051222n2005 000 0 eng u
020 _a0860176320
035 _a(Sirsi) u132050
041 0 _aeng
050 0 4 _a698.5 $2 18
100 1 _aKeiller, A.
245 0 0 _aGuidance on glazing at height
_hmultimedia
260 _aLondon
_bCIRIA
_c2005
300 _a206p.
_bill
_c30cm
_e+ 1 CD-ROM
490 0 _aCIRIA
_vC632
520 _aGuide giving consistent information on glazing that is used on both new and existing buildings and which requires expert guidance if satisfactory long-term safety and performance is to be ensured. Emphasises glass facades, glass roofs/canopies and glass barriers that protect a drop. Intended for clients, architects, engineers, specifiers and contractors. Comprises -- manufacture and processing, glazing infill materials and systems -- the parties involved in the whole building lifecycle -- glazing performance and associated risks -- expert glazing advice in the UK -- strength and breakage behaviour of glazing infill materials -- risk asssessments in decision making -- worked examples of glazing risk assessments -- how glazing may affect building operation -- recommendations of good glazing practice
520 _aIncludes a CD-ROM which is not available for loan (L133333).
690 _aBUILT ENVIRONMENT-BUILDING MATERIALS-NON CEMENTITIOUS MATERIALS-MINERAL BASED MATERIALS
700 1 _aWalker, A.
700 1 _aLedbetter, S.
700 1 _aWolmuth, W.
710 2 _aConstruction Industry Research and Information Association
_94810
942 _n0
999 _c104993
_d104993